000 00696cam a2200253 4500500
005 20260405001351.0
041 _afre
042 _adc
100 1 0 _aLegros, Martin
_eauthor
245 0 0 _aMatière à penser/Novembre 2012
260 _c2012.
500 _a68
690 _aAustérité
690 _aChine
690 _aChomsky
690 _aContrainte morale
690 _aDémocratie
690 _aFacebook
690 _aMigrations
690 _aReligion
690 _aRêve
786 0 _nPhilosophie magazine | 64 | 11 | 2012-11-01 | p. 13-13 | 1951-1787
856 4 1 _uhttps://shs.cairn.info/magazine-philosophie-magazine-2012-11-page-13?lang=fr&redirect-ssocas=7080
999 _c2046882
_d2046882